000 00717nam a22002777a 4500
003 UA-OsUOA
001 32949
007 ta
008 20050224b un ||||| |||| 00| 0 ukr d
100 _aИванов В. Н.
700 _aПатрушев В. И.
090 _a316.4/.6
_bИ20
942 _cBK
040 _aUA-OsUOA
_brus
_cUA-OsUOA
_dUA-OsUOA
245 _aСоциальные технологии
_bУчеб. пособие
300 _a480 с.
955 _a0
041 _arus
080 _a316.4/.6
020 _a5-98084-024-9
260 _aМ.
_bМуниципальный мир
_c2004
044 _aRU
250 _n2-е изд., испр. и доп.
650 7 _2UDC
999 _c319404
_d319404